| 000 | 01448nam a22003977a 4500 | ||
|---|---|---|---|
| 003 | CHAP | ||
| 005 | 20220329143414.0 | ||
| 008 | 090424s2005 es r 00010 spa d | ||
| 010 | _a96115 | ||
| 011 | _a97087 | ||
| 020 | _a8427714483 | ||
| 035 | _a107748 | ||
| 040 | _cCHAP | ||
| 082 | 0 | 4 |
_a371.26 _bK67y 2005 |
| 100 | 1 |
_aKlenowski, Val _963448 |
|
| 245 | 1 | 0 |
_aDesarrollo de portafolios para el aprendizaje y la evaluación : _bprocesos y principios _c/por Val Klenowski |
| 250 | _a2 ed. | ||
| 260 |
_aMadrid : _bNarcea, _c2005 |
||
| 300 | _a180 p. | ||
| 490 |
_aEducación Hoy. _pEstudios |
||
| 500 | _aTrad. de : Developing portfolios for learning and assessment | ||
| 590 |
_aBATCH-UPD _b10 _c20130110 _lUCH01 _h0752 |
||
| 590 |
_aBATCH-UPD _b10 _c20130410 _lUCH01 _h0433 |
||
| 590 |
_aBATCH-UPD _b10 _c20130914 _lUCH01 _h1238 |
||
| 590 |
_aCONVERSION _b10 _c20130109 _lUCH01 _h1353 |
||
| 650 | 1 | 4 |
_aAprendizaje. _96370 |
| 650 | 1 | 4 |
_aEducación _xEvaluación. _935444 |
| 650 | 1 | 4 |
_aEnseñanza. _937085 |
| 650 | 1 | 4 |
_aPlanes de estudio. _988732 |
| 830 |
_aEducación Hoy. _pEstudios _935574 |
||
| 901 | _aBK | ||
| 942 | _cLIBRO | ||
| 949 |
_a371.26 K67y 2005 _bBC _cLIBRO _d33724002058256 _eLIBRO _gI.c/e _h110343 _i107748 _sb _t$500.00 |
||
| 949 |
_a371.26 K67y 2005 _bBC _cLIBRO _d33724002058264 _eLIBRO _fc.2 _gI.c/e _h110344 _i107748 _sb _t$500.00 |
||
| 949 |
_a371.26 K67y 2005 _bBC _cLIBRO _d33724002092280 _eLIBRO _fc.3 _gI.c/e _h110430 _i107748 _sb _t$500.00 |
||
| 999 |
_c96115 _d96115 |
||